| 000 | 00756nam a2200229Ia 4500 | ||
|---|---|---|---|
| 003 | GCL | ||
| 008 | 140319s9999 xx 000 0 ara d | ||
| 020 | _a4*429209960 | ||
| 040 |
_aGCL / _cGCL |
||
| 082 | 0 | 4 |
_a612.64 _bك ك |
| 100 | 1 | _aكرسبنى، لاكلان دى0 | |
| 245 | 1 | 0 |
_aكيف اتاكد من صحة جنينى ؟ / _cكرسبنى، لاكلان دى0 |
| 700 | 1 | _aدريدج، راندا | |
| 250 | _aالثانية | ||
| 260 |
_aالرياض : _bمكتبة العبيكان ، _c1998 |
||
| 300 |
_a280 ص ؛ _c24سم |
||
| 650 | 0 | 4 | _aالاجنة، علم |
| 650 | 0 | 4 | _aالاجنة - امراض |
| 650 | 0 | 4 | _aالاجنة - تاثير الاشعة على |
| 650 | 0 | 4 | _aالاجنة - عيوب وتشوهات |
| 942 |
_2ddc _cBK |
||
| 999 |
_c7131 _d7131 |
||